El Espíritu Santo: Pneumatología

Salvato in:
Dettagli Bibliografici
Autore principale: Juan Pablo II (Autore)
Natura: Libro
Lingua:spagnolo
Pubblicazione: Tomé Nuestra Señora del Carmen 1989
Edizione:1a. ed
Soggetti:
Tags: Aggiungi Tag
Nessun Tag, puoi essere il primo ad aggiungerne!!

MARC

LEADER 00000cam a2200000 a 4500
001 UCD5037
003 CL-VaPUC
008 160807e19890000cl |||||||||||||||||spa|d
082 0 4 |a 231.3  |b JUA  |2 21 
100 |a Juan Pablo II  |e author  |9 309920 
245 1 3 |a El Espíritu Santo: Pneumatología 
246 1 0 |a Catequesis del Papa Juan Pablo II 
250 |a 1a. ed 
300 |a 355 p 
942 |c BK 
945 |d 20160807 22:49:00  |a dcastane 
260 |a Tomé  |b Nuestra Señora del Carmen  |c 1989 
650 0 |a Teología cristiana  |9 308336 
650 0 |a Textos sagrados   |9 257605 
583 |a last modification  |c 20160807 22:49:00  |k Rodrigo Vera 
999 |c 365804  |d 365802 
952 |0 0  |1 0  |3 erb  |4 0  |6 231_300000000000000_JUA_1989  |7 0  |8 A  |9 479766  |a BIBTEO  |b BIBTEO  |e Casale Rolle, Carlos Ignacio, -2014  |i 5182514  |o 231.3 JUA 1989  |p 5182514  |r 2025-01-17  |w 2019-11-24  |y BK  |z Catalogado en:20160807  |k ICR